00418nam a2200157Ia 4500008004100000020001800041082001400059100001300073245005300086250000700139260004200146300002300188500001900211600001500230650001500245240925s9999 xx 000 0 und d a9788131791233 a658.3 GOP aGopal Ji 0aHuman Resource Management: concept and practices aNA aNew Delhi:bPearson Educationc,2013. a295p.b0fOriginal aIncludes Index aManagement aManagement